| 000 | 00462nam a2200157Ia 4500 | ||
|---|---|---|---|
| 008 | 220216s9999 xx 000 0 und d | ||
| 100 | _aClaramma N M | ||
| 245 | 0 | _aNatural rubber silica composite-in-situ formation | |
| 260 | _bProceedings of the 19th Rubber Conference 19 to 20 December 2005, IRMRA, Thane. pp.52-57. | ||
| 650 | _aNatural rubber | ||
| 650 | _aReinforcement | ||
| 650 | _aSilica | ||
| 700 | _aAlex R | ||
| 700 | _aMathew N M | ||
| 942 | _cJS | ||
| 999 |
_c63638 _d63638 |
||